| 000 | 01280cam a2200421I 4500 | ||
|---|---|---|---|
| 001 | 77175 | ||
| 003 | BD-RjUL | ||
| 005 | 20211209082933.0 | ||
| 008 | 720706s1961 nyu 001 0 eng | ||
| 035 | _aMITb10209921 | ||
| 035 | _a(OCoLC)00349732 | ||
| 035 | _aGLIS00209921 | ||
| 040 |
_aDLC _cWSU _dm.c. _dSER _dMYG _beng |
||
| 041 | _aeng | ||
| 049 | _aMYGG | ||
| 082 |
_221 _a821.7 _bBLV 1961 |
||
| 090 |
_aPR590 _b.B655 |
||
| 099 | _aPR590.B655 | ||
| 100 | 1 |
_aBloom, Harold. _9240120 |
|
| 245 | 1 | 4 |
_aThe visionary company; _ba reading of English romantic poetry / _cBy Harold Bloom |
| 250 | _a[1st ed.] | ||
| 260 |
_aLondon : _bFaber and Faber, _c1961. |
||
| 300 |
_a460 p. ; _c22 cm. |
||
| 336 |
_atext _btxt _2rdacontent |
||
| 337 |
_aunmediated _bn _2rdamedia |
||
| 338 |
_avolume _bnc _2rdacarrier |
||
| 650 | 0 |
_aEnglish poetry _y18th century _xHistory and criticism. _9240121 |
|
| 650 | 0 |
_aEnglish poetry _y19th century _xHistory and criticism. _9240122 |
|
| 650 | 0 |
_aRomanticism _zEngland. _9240123 |
|
| 910 | _a41720!]mg850308 | ||
| 910 | _a41720!]mg850308 | ||
| 910 | _aMARCIVEAUT | ||
| 942 |
_2ddc _cBK |
||
| 949 |
_aMYGH _b[!39080000041720!] |
||
| 999 |
_c77175 _d77175 |
||